000 00440nam a2200157 i 4500
001 20772
003 ES-MaACL
005 20230906152348.0
007 t|
008 021118s1969 sp ||||1| baq d
100 1 _aAire, Fernando.
_918989
245 1 0 _aEzin bertzeau /
_cFernando Aire, "Xalbador" (seud.).
260 _aSan Sebastián :
_bAuspoa Liburutegia,
_c1969.
300 _a146 p. ;
_c18 cm.
852 _aES-MaACL
_jC-36514
_bR.71082
999 _c20772
_d20772